000 00712nam a2200229Ia 4500
003 OSt
005 20250721120342.0
008 220923b |||||||| |||| 00| 0 eng d
037 _cReference
040 _aRTL
_cRTL
_beng
041 _2eng
_aeng
084 _aB2892 M2/SC
_qRTL
100 _aSmith, John Maynard
_9247935
245 0 _aEvolution and the theory of games
260 _aCambidge
_bCambridge University Press
_c1982
300 _aviii, 224 p.
_bIncludes bibliographical reference and index
650 _aEvolution games
_9816198
650 _aMathematical theory
_9812651
650 _aMathematics
942 _hB2892 M2/SC
_cREF
_2CC
_n0
999 _c492294
_d492294